000 00490nam a22001697a 4500
999 _c10077
_d10077
003 AR-CdUCM
008 190329b ||||| |||| 00| 0 spa d
040 _aMUNICIPALIDAD PROVINCIAL DEL CUSCO
_cBIBLIOTECA MUNICIPAL DEL CUSCO
082 _aEP / 808.8 /
_bD76
100 _aDostoievski, Fedor
_910078
245 _aCrimen y castigo /
260 _aLima :
_bMercurio,
_c1989.
300 _a198 páginas ;
_c17 cm.
650 _aObras literarias.
_9403
942 _2ddc
_cLIBROS
945 _awfj